Nguyên lý kế toán

Việc sử dụng thông tin kế toán để phục vụ cho yêu cầu quản lý và ra quyết định đang và ngày càng trở nên cần thiết, phổ biến cho nhiều đối tượng khác nhau, đặc biệt cho các nhà đầu tư hiện tại, cho những người có mong muốn và có nhu c...

全面介绍

Đã lưu trong:
书目详细资料
主要作者: Võ Văn Nhị (chủ biên)
其他作者: Mai Thị Hoàng Minh, Đặng Thị Hoa
格式: 图书
语言:Vietnamese
出版: TP. Hồ Chí Minh. Phương Đông 2012
版:Tái bản lần thứ 7
主题:
标签: 添加标签
没有标签, 成为第一个标记此记录!
Thư viện lưu trữ: Thư viện Trường Đại học Nam Cần Thơ
LEADER 03437nam a22002897a 4500
001 NCT_40119
008 180609b xxu||||| |||| 00| 0 vie d
999 |c 1932  |d 1932 
020 |c 65000 
082 0 4 |2 23rd ed.  |a 657.076  |b Nh300 
100 1 |a Võ Văn Nhị  |e chủ biên 
245 1 0 |a Nguyên lý kế toán  |c Võ Văn Nhị (chủ biên) ; Mai Thị Hoàng Minh, Đặng Thị Hoa 
250 |a Tái bản lần thứ 7 
260 |a TP. Hồ Chí Minh.  |b Phương Đông  |c 2012 
300 |a 250 tr.  |b Minh họa  |c 24cm 
500 |a ĐTTS ghi: Trường Đại học Kinh tế TP. Hồ Chí Minh 
520 3 |a Việc sử dụng thông tin kế toán để phục vụ cho yêu cầu quản lý và ra quyết định đang và ngày càng trở nên cần thiết, phổ biến cho nhiều đối tượng khác nhau, đặc biệt cho các nhà đầu tư hiện tại, cho những người có mong muốn và có nhu cầu đầu tư. Để sử dụng được thông tin do kế toán cung cấp thì nhất thiết phải có những hiểu biết cơ bản về đối tượng, phương pháp và nội dung kế toán. Môn Nguyên lý Kế toán là môn học cung cấp những kiến thức nền tảng về kế toán, qua đó tạo cơ sở để tiếp tục học tập, nghiên cứu các môn học kế toán chuyên ngành. Nội dung cơ bản của môn Nguyên lý Kế toán bao gồm việc trình bày và giải thích đối tượng của kế toán, các phương pháp kế toán được sử dụng để thu thập, xử lý, tổng hợp và cung cấp thông tin và một số nội dung kế toán cơ bản trong doanh nghiệp. Môn học nguyên lý kế toán sẽ rất bổ ích cho những ai muốn tìm hiểu, nghiên cứu về kế toán. Cuốn sách này được biên soạn với mục tiêu đáp ứng yêu cầu tìm hiểu về kế toán cho nhiều đối tượng khác nhau. Cuốn sách này cũng là tài liệu tham khảo cần thiết cho sinh viên khối kinh tế các trường Đại Học, Cao Đẳng. 
653 |a Kế toán 
700 1 |a Mai Thị Hoàng Minh 
700 1 |a Đặng Thị Hoa 
942 |2 ddc  |c BK 
952 |0 0  |1 0  |2 ddc  |4 0  |6 657_076000000000000_NH300  |7 0  |9 10065  |a 000001  |b 000001  |d 2018-06-09  |l 1  |o 657.076 Nh300  |p MD.07551  |r 2020-12-23  |s 2020-12-10  |v 65000.00  |w 2018-06-09  |y BK 
952 |0 0  |1 0  |2 ddc  |4 0  |6 657_076000000000000_NH300  |7 0  |9 10075  |a 000001  |b 000001  |d 2018-06-09  |l 2  |o 657.076 Nh300  |p MD.07554  |r 2020-12-19  |s 2020-12-10  |v 65000.00  |w 2018-06-09  |y BK 
952 |0 0  |1 0  |2 ddc  |4 0  |6 657_076000000000000_NH300  |7 0  |9 10076  |a 000001  |b 000001  |d 2018-06-09  |l 3  |o 657.076 Nh300  |p MD.07557  |r 2020-12-17  |s 2020-12-01  |v 65000.00  |w 2018-06-09  |y BK 
952 |0 0  |1 0  |2 ddc  |4 0  |6 657_076000000000000_NH300  |7 0  |9 10077  |a 000001  |b 000001  |d 2018-06-09  |l 1  |o 657.076 Nh300  |p MD.07563  |r 2020-12-19  |s 2020-12-10  |v 65000.00  |w 2018-06-09  |y BK 
952 |0 0  |1 0  |2 ddc  |4 0  |6 657_076000000000000_NH300  |7 0  |9 10081  |a 000001  |b 000001  |d 2018-06-09  |o 657.076 Nh300  |p MD.07560  |r 2018-06-09  |v 63000.00  |w 2018-06-09  |y BK 
980 |a Thư viện Trường Đại học Nam Cần Thơ